Statistics for Lonely Planet's Best in Travel - Top 10 Countries

Click here to take the quiz!

General Stats

  • This quiz has been taken 1,378 times
    (1,020 since last reset)
  • The average score is 56 of 85

Answer Stats

Answer% Correct
United States
94%
Australia
91%
China
91%
Canada
90%
Japan
90%
Mexico
90%
New Zealand
90%
Sweden
89%
Brazil
88%
Italy
88%
Chile
86%
South Africa
86%
Finland
84%
Greece
84%
Iceland
83%
Indonesia
83%
Portugal
83%
South Korea
83%
Turkey
82%
Denmark
81%
Germany
81%
Ireland
81%
Morocco
79%
Peru
79%
Switzerland
79%
Colombia
77%
Cuba
76%
Malaysia
76%
Poland
76%
Fiji
72%
Singapore
72%
Panama
71%
Belgium
70%
Taiwan
69%
Ecuador
68%
Philippines
68%
Sri Lanka
68%
Tanzania
68%
Nepal
66%
Algeria
65%
Madagascar
65%
Ukraine
65%
Bulgaria
64%
Latvia
63%
Lithuania
63%
Mongolia
63%
Slovakia
63%
Ethiopia
62%
Uruguay
62%
Dominican Republic
61%
Jordan
61%
Albania
60%
Belize
59%
Bhutan
59%
Botswana
59%
Dominica
59%
Malta
59%
Myanmar
59%
Serbia
59%
Oman
58%
Seychelles
58%
Namibia
57%
Nicaragua
56%
Belarus
55%
Mauritius
55%
Georgia
54%
Bangladesh
51%
El Salvador
51%
Montenegro
51%
Uganda
50%
Rwanda
49%
Republic of the Congo
48%
Suriname
48%
Zimbabwe
48%
St Lucia
46%
Vanuatu
46%
Macedonia
45%
Solomon Islands
44%
Palau
43%
Cape Verde
41%
Kyrgyzstan
40%
Malawi
40%
Sao Tome & Principe
38%
Djibouti
32%
Sierra Leone
32%

Score Distribution

Percentile by Number Answered

Percent of People with Each Score

Your Score History

You have not taken this quiz since the last reset